[Event "Boeing Action"]
[Site "?"]
[Date "1972.06.06"]
[Round "4"]
[White "Bailey, B."]
[Black "Murray, M."]
[Result "1/2-1/2"]
[WhiteElo "1961"]
[BlackElo "2182"]
[Annotator "Stockfish 13 (15s)"]
[PlyCount "98"]
[EventDate "1972.??.??"]

{B06: Modern Defence} 1. e4 g6 2. d4 Bg7 3. f4 c6 4. Nf3 d5 5. exd5 cxd5 6.
Bb5+ (6. Bd3 Bg4 7. O-O Nc6 8. c3 Nf6 9. h3 Bd7 10. Ne5 O-O 11. Nxd7 Nxd7 12.
f5 Nf6 13. Bg5 Qd7 14. Nd2 e5 15. dxe5 Nxe5 16. Bc2 Rae8 17. fxg6 fxg6 18. Bb3
Kh8 19. Nf3 Nxf3+ 20. Rxf3 Rd8 {
Counhago,E (1919)-Howard,P (1454) Dos Hermanas 2004 1-0}) 6... Bd7 7. Qe2 Nf6
8. Ne5 O-O $146 (8... a6 9. Nxd7 Nfxd7 10. Bxd7+ Qxd7 11. c3 Nc6 12. O-O O-O
13. Nd2 b5 14. a3 Rab8 15. Nf3 Rfc8 16. Ne5 Qa7 17. Nxc6 Rxc6 18. f5 Qd7 19.
fxg6 Rxg6 20. Bf4 Re8 21. Rf3 a5 22. Raf1 Kh8 23. Bg3 {
Mikadze,M-Guramishvili,S Tbilisi 2002 1/2-1/2 (39)}) (8... Qa5+ 9. Nc3 O-O 10.
Bxd7 Nbxd7 11. Be3 $15) 9. Nxd7 Nbxd7 10. O-O e6 11. Nd2 Rc8 12. c3 a6 13. Bd3
Nb6 14. Nf3 (14. g4 Nc4 $11) 14... Nc4 15. Be3 Nd6 16. Nd2 Qb6 17. Rab1 (17.
Nf3 Nfe4 $11) 17... Rc6 (17... Qc6 18. a3 $15) 18. Kh1 Rfc8 (18... Rc7 19. Bf2
$11) 19. Bf2 (19. g4 Qd8 $11) 19... Qc7 $11 20. Bh4 Nd7 (20... b5 21. Bxf6 Bxf6
22. Nf3 $15) 21. Bg3 (21. g4 b5 22. a3 Nb6 $11) 21... Qa5 (21... Nf6 $5 $15)
22. a3 $11 Qd8 23. Bf2 b5 (23... Qe8 24. Rfe1 $11) 24. Bg3 (24. g4 $5 $14)
24... Qb6 $11 25. Bf2 Nc4 26. Bg1 (26. g4 Nf6 27. Nb3 h5 $11) 26... Nf6 (26...
Nxd2 27. Qxd2 f5 28. a4 $11) 27. Rfd1 (27. Nb3 h5 $11) 27... Nd6 (27... a5 28.
Rf1 $15) 28. Bf2 (28. Nb3 $5 $11) 28... a5 $15 29. Nb3 a4 (29... Qc7 $5 $15)
30. Nd2 (30. Nc5 Nc4 $11) 30... Kh8 (30... Nh5 31. g3 $11) 31. Bh4 $14 Nd7 (
31... R6c7 32. g4 $14) 32. Be7 (32. g4 Nf6 $16) 32... Nc4 $14 33. Bb4 (33. Nf3
$5 f6 34. Re1 $14) 33... Qc7 $11 34. Rf1 Kg8 (34... f5 35. Be7 $11) 35. Kg1 (
35. Nf3 f5 $11 (35... Qxf4 $2 36. Ne5 Bxe5 37. Rxf4 Bxf4 38. Bxc4 bxc4 39. Rf1
$18)) 35... Qa7 36. Nf3 f6 (36... f5 37. Kh1 $11) 37. Kh1 (37. g4 e5 $14) 37...
Qc7 (37... f5 38. Be7 $11) 38. Nd2 (38. g4 e5 39. Bxc4 bxc4 40. Qg2 $14) 38...
Bh6 (38... f5 39. Be7 $11) 39. Qf2 (39. Nxc4 bxc4 40. Bc2 Ra8 $16) 39... Re8 $2
(39... f5 40. g4 $11) 40. g3 (40. Nxc4 bxc4 41. Bc2 Ra6 $16) 40... Bg7 (40...
f5 41. g4 fxg4 42. Nxc4 bxc4 43. Bc2 $11) 41. Nf3 (41. g4 f5 42. g5 Rb6 $14)
41... e5 (41... Ra6 42. Rbe1 f5 43. h3 $14) 42. Bxc4 bxc4 (42... Rxc4 $143 43.
fxe5 fxe5 44. Nd2 $16) 43. fxe5 (43. dxe5 $5 fxe5 44. Qd2 $11) 43... fxe5 $11
44. dxe5 Nxe5 45. Nxe5 (45. Rbe1 $5 Rf6 46. Qd4 $11) 45... Rxe5 $15 (45... Qxe5
$4 46. Rbe1 Rf6 47. Rxe5 Rxe5 48. Qxf6 Bxf6 49. Rxf6 $18) 46. Rbe1 Rce6 (46...
Rf6 47. Qg2 $17) 47. Rxe5 $15 Qxe5 $4 (47... Rxe5 48. Kg2 Rf5 $11) 48. Qf7+ $18
Kh8 49. Bf8 Qe4+ 1/2-1/2

[Event "Rose City Open"]
[Site "?"]
[Date "1972.05.27"]
[Round "1"]
[White "McKibbin, S."]
[Black "Bailey, B."]
[Result "0-1"]
[WhiteElo "1841"]
[BlackElo "1991"]
[Annotator "Stockfish 13 (15s)"]
[PlyCount "92"]
[EventDate "1972.??.??"]

{A05: Réti Opening: 1 Nf3 Nf6} 1. Nf3 Nf6 2. b3 g6 3. Bb2 Bg7 4. g3 d5 5. Bg2
c6 6. d3 (6. O-O a5 7. a4 O-O 8. d3 Na6 9. Nbd2 Re8 10. Re1 Bg4 11. h3 Bxf3 12.
Nxf3 Nd7 13. Bxg7 Kxg7 14. e4 dxe4 15. Rxe4 e5 16. Qe1 Nb4 17. Qc3 f5 18. Re2
Qf6 19. Rae1 e4 20. Nd4 Ne5 {
Djurhuus,R (2505)-Khenkin,I (2575) Stockholm 1996 1-0 (48)}) 6... O-O 7. Nbd2
Nbd7 8. e4 $146 (8. O-O Re8 9. c4 e6 10. Qc2 e5 11. cxd5 cxd5 12. e3 b6 13. b4
Bb7 14. Rac1 e4 15. dxe4 dxe4 16. Nd4 Qe7 17. Qc7 Ne5 18. Ba3 Nd3 19. Qxe7 Rxe7
20. Rcd1 Ne5 21. b5 Rd7 22. Bh3 Rdd8 {
Porubszki,G (2044)-Bretscher,R (1635) Bad Woerishofen 2003 1-0}) 8... dxe4 9.
dxe4 Qc7 (9... Re8 10. e5 Ng4 11. Nc4 $11) 10. O-O Rd8 11. Qe2 Nxe4 $2 (11...
e5 $142 $5 $14) 12. Bxg7 $16 Nxd2 13. Nxd2 Kxg7 14. Qxe7 Rf8 15. Rfe1 Qd8 16.
Qe3 Nf6 17. Qc3 Kg8 18. Rad1 Be6 19. Qe5 (19. Nf3 $5 Nd5 20. Qe5 $18) 19... Ng4
20. Qf4 (20. Qe2 $5 Qe7 21. Ne4 $16) 20... Qf6 $11 21. Qxf6 Nxf6 22. Ne4 Nxe4
23. Bxe4 Rad8 24. Kf1 Rfe8 25. Bg2 Kf8 26. h3 Bf5 27. Rxe8+ Kxe8 28. Rxd8+ Kxd8
29. c3 a5 30. Ke2 Be6 31. Kd3 a4 (31... Kd7 32. Kc2 $11) 32. c4 (32. bxa4 Bxa2
33. a5 Be6 $11) 32... axb3 $11 33. axb3 c5 34. h4 b6 35. Bd5 $4 (35. Be4 $142
$11) 35... Bxd5 $19 36. cxd5 (36. Ke3 Ke7 $19) 36... Kd7 37. Kc4 Kd6 38. g4 f5
39. f3 f4 40. g5 Ke5 41. Kb5 Kxd5 42. Kxb6 c4 43. bxc4+ Kxc4 44. Kc6 (44. Ka5
Kd3 45. Kb4 Ke3 46. Kc3 Kxf3 47. Kd4 Kg2 48. Kc3 f3 49. Kd2 f2 50. Kd3 f1=Q+
51. Kd4 Qb5 52. Kc3 Kf2 53. Kd4 Kf3 54. h5 gxh5 55. g6 hxg6 56. Kc3 h4 57. Kd4
h3 58. Kc3 h2 59. Kc2 h1=Q 60. Kc3 g5 61. Kc2 g4 62. Kc3 g3 63. Kc2 g2 64. Kc3
g1=Q 65. Kc2 Qc1#) 44... Kd4 45. Kd6 Ke3 46. Ke6 Kxf3 0-1

[Event "Rose City Open"]
[Site "?"]
[Date "1972.05.27"]
[Round "2"]
[White "Bailey, B."]
[Black "Cotton, C."]
[Result "0-1"]
[WhiteElo "1991"]
[BlackElo "1910"]
[Annotator "Stockfish 13 (15s)"]
[PlyCount "88"]
[EventDate "1972.??.??"]

{B43: Sicilian: Kan Variation: 5 Nc3} 1. e4 c5 2. Nf3 a6 3. d4 cxd4 4. Nxd4 e6
5. a3 Nf6 6. Nc3 Qc7 7. Be2 Nc6 8. Nb3 (8. f4 Nxd4 9. Qxd4 Bc5 10. Qd3 h5 11.
e5 Ng4 12. Ne4 b5 13. h3 Nh6 14. Bf3 Rb8 15. Be3 Bxe3 16. Nd6+ Ke7 17. Qxe3 Nf5
18. Nxf5+ exf5 19. O-O-O Bb7 20. Bxb7 Rxb7 21. Rd6 a5 22. Rhd1 Rd8 {
Garbisu de Goni,U (2380)-Sanchez Ruiz,E Mondariz 1997 1-0}) 8... Bd6 $146 (8...
b5 9. O-O Be7 10. Be3 d6 11. f4 Bb7 (11... h5 12. Bf3 Bb7 13. Qe2 Rc8 14. Rad1
Nb8 15. Rd2 Nbd7 16. Rfd1 Ba8 17. Kh1 h4 18. Bd4 Nb6 19. e5 Bxf3 20. Qxf3 dxe5
21. Bxe5 Qc6 22. Qxc6+ Rxc6 23. Na5 Rc8 24. Bxf6 gxf6 25. g4 hxg3 26. Rg2 {
Misler,C-Goczo,M (2170) Budapest 1998 0-1 (40)}) 12. Bf3 Rc8 13. Qe2 b4 14.
axb4 Nxb4 15. Qf2 O-O 16. Kh1 d5 17. e5 Ne4 18. Nxe4 dxe4 19. Bd1 Nd5 20. Bd4
f6 21. Qe2 Bc6 22. Re1 Nxf4 23. Qe3 {
Odendaal,F-Wilken,J Bloemfontein 2005 0-1 (50)}) (8... Be7 9. O-O O-O 10. Be3
b5 11. Qd2 Ne5 12. Bf4 d6 13. Rad1 Bb7 14. f3 Rfd8 15. Rfe1 Rdc8 16. Qc1 Nfd7
17. Nd2 Nb6 18. Nf1 Bf6 19. Bg5 Bxg5 20. Qxg5 Nec4 21. Bxc4 Nxc4 22. Qc1 Nxb2
23. Qxb2 {Pardy,M (2009)-Adamek,J (2227) Ostrava 2002 0-1}) 9. h3 O-O 10. O-O
Be5 11. Bd3 Ne7 12. Ne2 Ng6 (12... d5 $142 13. exd5 Nexd5 $11) 13. f4 $16 Bd6
$2 (13... Qb6+ 14. Kh1 Bb8 15. e5 $16) 14. Be3 $4 (14. e5 $142 Bc5+ 15. Nxc5
Qxc5+ 16. Rf2 $18) 14... e5 $14 15. f5 Nf4 16. Kh2 (16. c4 b6 17. Nc3 Bb7 $14)
16... b6 (16... b5 17. Nc3 b4 18. axb4 Bxb4 19. Ne2 Nxd3 20. cxd3 $11) 17. g3 (
17. Nd2 Bb7 18. Nc4 Nxd3 19. cxd3 Bc5 $11) 17... Nxe2 (17... Nxd3 18. cxd3 Be7
19. g4 $11) 18. Qxe2 Bb7 19. Nd2 Be7 20. c4 Kh8 (20... Rac8 $5 $11) 21. Rac1 (
21. g4 Bc5 $16) 21... g6 (21... Bc5 22. Bg5 $14) 22. g4 (22. Bg5 $142 $16)
22... Bc5 $2 (22... a5 $5 $16) 23. Bh6 (23. fxg6 $142 $5 fxg6 24. Bh6 Be7 $18)
23... Rg8 $16 24. Bg5 (24. b4 $142 Be7 25. c5 bxc5 26. bxc5 $16) 24... Qd6 $4 (
24... Be7 $142 25. h4 Raf8 $16) 25. Bb1 (25. b4 $142 $5 Bd4 26. Nb3 h6 27.
Bxf6+ Qxf6 28. fxg6 Qxg6 29. Nxd4 exd4 $18) 25... Rae8 $2 (25... Qc6 26. Nf3
Rge8 $18) 26. Rf3 (26. b4 $142 $5 Bd4 27. Qf3 Ref8 $18) 26... gxf5 $2 (26... h6
$142 27. fxg6 Rxg6 $18) 27. Bxf6+ $4 (27. Rxf5 $142 Rxg5 28. Rxg5 $18) 27...
Qxf6 $11 28. Rxf5 Qh6 29. Rcf1 (29. Rh5 $142 $5 Qe3 30. Re1 Qxe2+ 31. Rxe2 $11)
29... Be3 $17 30. Rf6 $4 (30. Rh5 $142 Bf4+ 31. Kh1 $15) 30... Rg6 $19 31. Rxg6
Bf4+ (31... hxg6 $5 32. Nf3 f5 33. g5 Bf4+ 34. Kg2 $19) 32. Kg2 hxg6 (32...
fxg6 $6 33. Nf3 $15) 33. Nf3 f5 34. exf5 $4 (34. Rg1 $19) 34... e4 35. Nd4 (35.
Kf2 g5 $19) 35... e3+ (35... Be5 $142 36. h4 Bxd4 37. Kh3 $19) 36. Nf3 Bxf3+ (
36... g5 37. f6 Qh4 38. Kg1 Qg3+ 39. Qg2 Qxg2+ 40. Kxg2 $19) 37. Qxf3 $4 (37.
Rxf3 $142 g5 38. Bd3 $11) 37... e2 $19 38. Re1 Re3 39. Qa8+ (39. Qxe3 Bxe3 40.
Rxe2 $19) 39... Kh7 40. fxg6+ Kg7 41. Rh1 Rg3+ (41... e1=Q 42. Qf8+ Kxf8 43.
g7+ Kxg7 44. Rxe1 Qxh3+ 45. Kg1 Rxe1+ 46. Kf2 Qg3#) 42. Kf2 Be3+ (42... Qh4 43.
Qf3 Rxf3+ 44. Kxf3 Qg3+ 45. Kxe2 Qe3+ 46. Kf1 Bg3 47. Rh2 Qe1+ 48. Kg2 Qf2+ 49.
Kh1 Qxh2#) 43. Kxg3 $4 (43. Kxe2 $142 Bg1 44. Qd5 Qe3+ 45. Kd1 $11) 43... Qf4+
44. Kh4 Bf2+ (44... Bf2+ 45. Kh5 Qh6#) 0-1

[Event "Rose City Open"]
[Site "?"]
[Date "1972.05.28"]
[Round "3"]
[White "McMaugh, B."]
[Black "Bailey, B."]
[Result "1/2-1/2"]
[WhiteElo "1784"]
[BlackElo "1991"]
[Annotator "Stockfish 13 (15s)"]
[PlyCount "124"]
[EventDate "1972.??.??"]

{D20: Queen's Gambit Accepted: 3 e3 and 3 e4} 1. d4 d5 2. c4 dxc4 3. Nc3 e5 4.
dxe5 Qxd1+ 5. Nxd1 Nc6 6. Bf4 (6. Nf3 Bg4 7. Ne3 Be6 8. Bd2 Bc5 9. g3 Nge7 10.
Bg2 O-O 11. O-O Rad8 12. Nd1 Nxe5 13. Bf4 Nxf3+ 14. Bxf3 c6 15. Nc3 Ng6 16. Ne4
Be7 17. Be3 a6 18. Bb6 Rd7 19. Nc5 Bxc5 20. Bxc5 Re8 {
Jonas,P (2250)-Schuetz,P (2040) Pecs 1998 0-1}) 6... Nge7 7. Nf3 $146 (7. e3 b5
(7... Be6 8. Rc1 Ng6 9. Nf3 b5 10. Be2 Be7 11. O-O O-O 12. Nc3 a6 13. Rfd1 Rfd8
14. Bg3 h6 15. e4 Rxd1+ 16. Rxd1 Kf8 17. Nd5 Bd8 18. h4 Bg4 19. e6 fxe6 20. h5
Bxh5 21. Nxc7 Bxc7 22. Bxc7 {Schulz,W (2064)-Klokow,J (1741) Winnipeg 2006 1-0}
) 8. Nf3 Bf5 9. Nd4 Nxd4 10. exd4 Nc6 11. Be3 O-O-O 12. Nc3 Nxd4 13. Bxd4 Rxd4
14. Be2 Bb4 15. O-O Bxc3 16. bxc3 Rd2 17. Bf3 c5 18. a4 b4 19. cxb4 cxb4 20.
Rfd1 Rhd8 21. Kf1 Rxd1+ {Larsen,E-Horrocks,J Bad Kuehlungsborn 1964 0-1}) (7.
Nc3 $5 $15) 7... Ng6 8. Bg3 Be6 (8... h5 $5 9. h4 Bg4 $17) 9. a3 (9. Nc3 h5 10.
h4 O-O-O $15) 9... O-O-O 10. e3 Na5 (10... h5 $142 11. h4 a6 $15) 11. Nd4 $4 (
11. Ng5 $142 $11) 11... c5 $4 (11... Rxd4 12. exd4 Nb3 $17) 12. Nxe6 $18 fxe6
13. Nc3 a6 (13... h5 14. h4 $18) 14. Be2 Nb3 $2 (14... Ne7 15. Ne4 Nf5 $18) 15.
Rd1 b5 (15... Rxd1+ 16. Kxd1 Na5 $18) 16. Rxd8+ Kxd8 17. O-O (17. a4 $142 $5 h5
18. f4 Nd4 19. axb5 axb5 20. exd4 cxd4 21. Nxb5 h4 $18) 17... h5 18. f4 h4 (
18... Kc7 19. a4 Kb6 20. Rd1 $18) 19. Rd1+ Kc7 20. Be1 Be7 21. a4 (21. Bg4 Nf8
22. Ne4 Rh6 $18) 21... Kb6 (21... Rb8 22. axb5 axb5 23. Nxb5+ Rxb5 24. Bxc4 $18
) 22. axb5 (22. Bg4 $5 Nf8 23. Bxe6 Nxe6 24. Nd5+ Kb7 25. Nxe7 Rd8 26. Rxd8
Nxd8 27. axb5 axb5 $18) 22... axb5 23. Bg4 Rd8 (23... Nf8 24. Bxe6 $1 Nxe6 25.
Nd5+ Kb7 26. Nxe7 $18) 24. Rxd8 (24. Bxe6 $5 Rxd1 25. Nxd1 Nc1 $18) 24... Bxd8
25. Bxe6 Nc1 26. Bd7 (26. Bf7 $5 Nd3 27. Kf1 h3 $18) 26... b4 27. Na4+ Kb7 (
27... Ka5 28. Nxc5 Bb6 29. Nb7+ Ka6 $18) 28. Nxc5+ Kc7 (28... Kb6 29. Bxb4 Na2
30. Ba3 $18) 29. Bxb4 Be7 30. Ba5+ Kb8 31. Ne6 Nd3 32. Bc3 Nf8 (32... Bb4 33.
Bxb4 Nxb4 34. Bb5 $18) 33. Nxf8 Bxf8 34. Kf1 Bc5 (34... Nc5 35. Bc6 $18) 35.
Bb5 Bxe3 (35... Kc7 36. e6 g6 37. Bxc4 $18) 36. g3 (36. e6 $142 Bc5 37. Bxg7
$18) 36... Bc1 (36... Bc5 37. Bxc4 Nf2 38. Ke2 $18) 37. Bxc4 (37. e6 Bd2 38. e7
Bxc3 39. e8=Q+ Ka7 40. Qd7+ Kb8 41. Qd6+ Kb7 42. Qc6+ Kb8 43. Ba6 Nc5 44. Qxc5
h3 45. Qc8+ Ka7 46. Qb7#) 37... Bxb2 (37... Nxb2 38. Be2 Na4 39. e6 $18) 38.
Bxb2 (38. Bxd3 $6 Bxc3 39. Ke2 hxg3 40. hxg3 Kc7 $18) 38... Nxb2 39. Bb5 Kc7
40. f5 Nd1 41. f6 (41. Bd3 $142 Ne3+ 42. Ke2 $18) 41... gxf6 $11 42. exf6 Kd6
43. Ke1 Nc3 44. f7 Ke7 45. Bc4 Ne4 $4 (45... hxg3 $142 46. f8=Q+ Kxf8 47. hxg3
Kg7 $11) 46. g4 $18 Ng5 47. Kf2 Nh7 48. Kf3 Kf6 49. Kf4 Nf8 50. g5+ Kg6 51. h3
Kg7 52. Kg4 Ng6 53. Bb3 Kf8 54. Kh5 Kg7 55. Ba2 Kh8 56. Bb1 (56. Kh6 Nf8 57.
Bd5 Ng6 58. f8=Q+ Nxf8 59. Bf7 Ne6 60. g6 Ng7 61. Kg5 Nh5 62. Kxh5 Kg7 63. Kxh4
Kf6 64. Kh5 Ke7 65. g7 Kxf7 66. Kh6 Kg8 67. h4 Kf7 68. Kh7 Ke6 69. g8=Q+ Kd7
70. h5 Kd6 71. h6 Kd7 72. Kg7 Kc6 73. h7 Kb6 74. h8=Q Kc5 75. Qb3 Kd4 76. Qf8
Ke4 77. Qf4+ Kxf4 78. Qd3 Ke5 79. Kf7 Kf4 80. Kf6 Kg4 81. Qe3 Kh4 82. Kf5 Kh5
83. Qg5#) 56... Nf8 $18 57. Kxh4 Kg7 58. Kg4 Kxf7 59. h4 Kg7 60. h5 Ne6 61. h6+
Kh8 62. Kf5 (62. g6) 62... Nxg5 $11 1/2-1/2

[Event "Rose City Open"]
[Site "?"]
[Date "1972.05.28"]
[Round "4"]
[White "Bailey, B."]
[Black "Eggers, C."]
[Result "1/2-1/2"]
[WhiteElo "1991"]
[BlackElo "1619"]
[Annotator "Stockfish 13 (15s)"]
[PlyCount "71"]
[EventDate "1972.??.??"]

{B03: Alekhine's Defence: Four Pawns Attack} 1. e4 Nf6 2. e5 Nd5 3. d4 d6 4. c4
Nb6 5. f4 Bf5 6. Nf3 dxe5 7. fxe5 e6 8. Be2 c5 9. Be3 (9. O-O cxd4 10. Nxd4 Bc5
11. Be3 Bg6 12. Na3 Nc6 13. Nac2 Nxe5 14. b3 O-O 15. Bf3 Nxf3+ 16. Qxf3 e5 17.
Nf5 Bxe3+ 18. Ncxe3 Qc7 19. Kh1 Rad8 20. Rad1 f6 21. Qg3 Rxd1 22. Rxd1 Rd8 23.
Rxd8+ Qxd8 {Reimer,B (1512)-Essery,R (1577) Winnipeg 2006 0-1 (51)}) 9... Nc6
$146 (9... cxd4 10. Nxd4 Bxb1 11. Rxb1 (11. Qxb1 Bb4+ 12. Kf2 O-O 13. Rf1 Bc5
14. Qe4 Nc6 15. Rad1 Nxd4 16. Bxd4 Qe7 17. Kg1 Na4 18. Bxc5 Nxc5 19. Qf4 b6 20.
b4 Nb7 21. Bf3 Rac8 22. a3 Rc7 23. Bxb7 Rxb7 24. Rd6 Rc7 25. Qd4 Rfc8 {
Fernandez Egea,A (2079)-Rudolph,J (2218) Frankfurt 2000 1/2-1/2 (37)}) 11...
Bb4+ 12. Kf1 Qc7 13. Bf4 a6 14. a3 Bc5 15. b4 Be7 16. Rc1 O-O 17. Qb3 N6d7 18.
Qg3 Rd8 19. h4 Nf8 20. Nf3 Ng6 21. Bg5 f6 22. Bf4 Nxf4 23. Qxf4 Nd7 24. Qe4 {
Zikeli,J (1447)-Baumeister,J (1747) Stuttgart 2005 1/2-1/2 (52)}) 10. O-O (10.
Nc3 cxd4 11. Nxd4 Qc7 12. Nxf5 exf5 $11) 10... cxd4 (10... Bg6 $5 11. Bg5 Be7
12. Bxe7 Qxe7 $15 (12... Nxe7 $6 13. dxc5 Qxd1 14. Rxd1 $11 (14. Bxd1 $143 Nxc4
15. Ba4+ Nc6 $15))) 11. Nxd4 $11 Nxd4 12. Bxd4 Be7 (12... Qc7 13. Nc3 O-O-O 14.
Nb5 $11) 13. Nc3 $11 O-O (13... Bc2 14. Qd2 (14. Qxc2 $2 Qxd4+ 15. Kh1 O-O $17)
14... Bg5 15. Rf4 $11) 14. Kh1 (14. Nb5 $5 Nd7 15. Qe1 $14) 14... Nd7 (14... a6
15. c5 Nd5 16. Qb3 Nxc3 17. Qxc3 $11 (17. bxc3 $143 Qc7 $17)) 15. Bf3 (15. Nb5
Bg6 $11) 15... Qc7 {Attacking the isolated pawn on e5} 16. Qe2 (16. Nb5 Qxc4
17. Be2 Qc2 $11) 16... a6 17. b3 (17. Na4 $142 $5 $11) 17... Bc5 $17 18. Bxc5
Nxc5 19. Ne4 $2 (19. Rad1 $142 $5 Rad8 20. Qe3 $17) 19... Nxe4 $19 20. Bxe4
Qxe5 21. Bf3 Qxe2 22. Bxe2 Be4 23. Rf4 (23. Kg1 Rfd8 24. Rfd1 g5 $19) 23... Bc6
(23... f5 24. Rff1 $19) 24. Rd4 (24. b4 f5 25. Bf3 Bxf3 26. Rxf3 Rad8 $19)
24... e5 (24... Rfd8 25. Rdd1 $19) 25. Rd6 $6 (25. Rdd1 Rfd8 26. b4 Kf8 $19)
25... f5 (25... Rfd8 $142 26. Rad1 Rxd6 27. Rxd6 Kf8 $19) 26. Rad1 e4 27. c5 (
27. b4 Rf6 28. R6d4 Ba4 $17) 27... f4 (27... g5 $5 28. Bc4+ Kg7 29. Bd5 $19)
28. Bc4+ Kh8 29. Kg1 (29. Bd5 Bxd5 30. R6xd5 e3 $19) 29... e3 $19 30. Be2 $2 (
30. Bd5 $142 Bxd5 31. R6xd5 $19) 30... Rae8 31. Bf3 Bxf3 32. gxf3 g5 33. h3 (
33. R6d5 g4 $1 34. Kg2 a5 $19) 33... Kg7 34. b4 h5 (34... Re5 35. Kg2 h5 36. c6
bxc6 37. Rxc6 $19) 35. R1d5 (35. Kg2 Re5 $19) 35... e2 (35... Rf6 $142 36. Rd7+
Kg6 $19) 36. Rxg5+ $11 1/2-1/2

[Event "Rose City Open"]
[Site "?"]
[Date "1972.05.28"]
[Round "5"]
[White "Matsen, W."]
[Black "Bailey, B."]
[Result "0-1"]
[WhiteElo "1756"]
[BlackElo "1991"]
[Annotator "Stockfish 13 (15s)"]
[PlyCount "98"]
[EventDate "1972.??.??"]

{C84: Closed Ruy Lopez: Unusual White 6th moves} 1. e4 e5 2. Nf3 Nc6 3. Bb5 a6
4. Ba4 Nf6 5. O-O Be7 6. d3 b5 7. Bb3 h6 8. h3 $146 (8. Nc3 Na5 9. Nxe5 Nxb3
10. axb3 d6 11. Nc6 Qd7 12. Nxe7 Qxe7 13. Nxb5 c5 14. Bf4 axb5 15. Rxa8 O-O 16.
Qd2 g5 17. Bg3 Kh7 18. Rd1 Qe6 19. f4 Qg4 20. fxg5 hxg5 21. Rf1 Nh5 22. Bxd6
Rg8 {Davies,A-Wingfield,H Auckland 1914 1-0 (33)}) (8. c3 O-O 9. Nbd2 d5 10.
exd5 Nxd5 11. Re1 Bg4 12. h3 Bh5 13. g4 Bg6 14. Ne4 Kh8 15. a4 Rb8 16. axb5
axb5 17. Ra6 Qd7 18. Ng3 Nb6 19. Nxe5 Nxe5 20. Rxe5 Bd6 21. Re3 Rbe8 22. Bc2
Nd5 {Ratiarison,D-Blanchon,P (1721) Metz 2006 1-0 (33)}) (8. Bd5 Nxd5 9. exd5
Nb4 10. Nxe5 O-O 11. c4 bxc4 12. dxc4 a5 13. a3 Na6 14. Bd2 Nc5 15. Nc3 Bf6 16.
Be3 Nb7 17. Bd4 Nd6 18. Qd3 Rb8 19. Rab1 Ba6 20. b3 Re8 21. Rfe1 Re7 22. Na4
Qe8 {Skidmore,M-Smith,D East Lansing 1995 1-0 (32)}) 8... O-O 9. Be3 (9. Re1 d6
$11) 9... d6 (9... d5 10. exd5 Nxd5 11. Nc3 Nxc3 12. bxc3 $11) 10. Nh2 (10. a4
Na5 11. Ba2 bxa4 $11) 10... Na5 11. Nd2 (11. Nc3 $5 $11) 11... Nxb3 12. axb3
Bb7 (12... d5 $5 13. exd5 Nxd5 $17 (13... Qxd5 $143 14. Qf3 $15)) 13. f4 $15
Re8 (13... exf4 14. Rxf4 Nh7 15. Rf5 $15) 14. f5 (14. fxe5 $142 $5 dxe5 15. Ng4
$16) 14... d5 15. Ng4 dxe4 16. Nxf6+ Bxf6 17. dxe4 Bg5 18. Rf3 Bxe3+ 19. Rxe3
Qd4 20. Qe2 $2 (20. Qe1 $5 $11) 20... Rad8 (20... Qxb2 21. Qe1 Qd4 22. Kh2 $17)
21. Nf3 Qxb2 22. Rf1 (22. Qe1 f6 $17 (22... Qxc2 $6 23. Rc1 Qb2 24. f6 $11))
22... Qa3 23. Nh4 f6 (23... Kh7 $5 $17) 24. Rg3 $15 Qf8 25. Qh5 Kh7 (25... Bxe4
$5 26. Qxh6 g5 27. Qg6+ Qg7 $15) 26. Qg6+ $11 Kh8 27. Qh5 Qg8 28. Rg6 $4 (28.
Re1 $142 $11) 28... Bxe4 $19 29. Re1 (29. Ra1 Rd6 $19) 29... Bd5 30. Re3 (30.
Rg3 $19) 30... Bf7 31. Reg3 (31. Rc3 Rd7 $19) 31... Bxg6 32. fxg6 (32. Nxg6+
Kh7 $19) 32... Qd5 33. Nf5 (33. Re3 a5 34. Kh1 e4 35. Qxd5 Rxd5 $19) 33... Qd1+
(33... e4 $142 34. Qg4 a5 35. Re3 $19) 34. Qxd1 Rxd1+ 35. Kh2 Re6 (35... Rf1
$142 36. Ne3 Rf2 37. Kg1 $19) 36. Rc3 Rd7 37. g4 (37. b4 Kg8 $19) 37... Kg8 (
37... a5 $5 38. Kg3 Ra6 39. h4 $19) 38. Kg3 Kf8 39. Kh4 (39. b4 Ke8 $19) 39...
Ke8 40. Rd3 (40. b4 Kd8 $19) 40... Ree7 $1 41. Nxe7 (41. Rc3 Re6 $19) 41...
Kxe7 (41... Rxd3 $142 42. Nf5 Rc3 43. Nxg7+ Kf8 44. Nh5 $19) 42. Rc3 Kd6 43.
Kh5 (43. b4 Kd5 44. Rd3+ Kc6 45. Rf3 $19) 43... a5 44. h4 (44. Re3 Ke6 $19)
44... e4 45. g5 fxg5 46. hxg5 (46. Kg4 Re7 47. Re3 a4 $19) 46... hxg5 47. Kxg5
Re7 48. Re3 Kc5 49. Kf4 a4 (49... a4 50. bxa4 bxa4 $19) 0-1

[Event "Rose City Open"]
[Site "?"]
[Date "1972.05.29"]
[Round "6"]
[White "Emerson, M."]
[Black "Bailey, B."]
[Result "0-1"]
[WhiteElo "1903"]
[BlackElo "1991"]
[Annotator "Stockfish 13 (15s)"]
[PlyCount "94"]
[EventDate "1972.??.??"]

{C85: Closed Ruy Lopez: Deferred Exchange Variation} 1. e4 e5 2. Nf3 Nc6 3. Bb5
a6 4. Ba4 Nf6 5. O-O Be7 6. Bxc6 dxc6 7. Nc3 Bg4 8. d3 (8. Qe2 O-O 9. Nd1 c5
10. Ne3 Bh5 11. d3 Nd7 12. Bd2 Re8 13. Bc3 Bg5 14. h3 Bf4 15. g4 Bg6 16. Ng2
Nf8 17. Nxf4 exf4 18. Qd2 Ne6 19. Kg2 c4 20. Rad1 cxd3 21. cxd3 c5 22. Rfe1 Qe7
{Adams,M (2620)-Anand,V (2670) Brussels 1992 1/2-1/2 (54)}) (8. h3) 8... O-O
$146 (8... Nd7 9. Qe2 O-O (9... Bd6 10. h3 Bxf3 11. Qxf3 Nc5 12. Ne2 Ne6 13.
Qg3 Qf6 14. c3 h5 15. h4 O-O-O 16. f4 Bc5+ 17. Kh1 Qg6 18. Qxg6 fxg6 19. Rf3
Be7 20. g3 Rhf8 21. Kg2 Rd7 22. b4 Rfd8 23. f5 gxf5 24. exf5 {
Nezhmetdinov,R-Bannik,A Moscow 1957 1/2-1/2 (31)}) 10. h3 Bh5 11. Nd1 Re8 12.
Ne3 Bf8 13. g4 Bg6 14. Bd2 Nc5 15. Bc3 f6 16. Nh4 Bf7 17. b3 Ne6 18. Neg2 Bc5
19. Nf5 b5 20. Bd2 Bb6 21. Be3 c5 22. c4 Ba5 23. Rac1 {
Bisguier,A-Ivkov,B Zagreb 1955 1/2-1/2 (76)}) (8... Qd6 9. Be3 c5 10. Qe2 h6
11. a3 O-O 12. h3 Bh5 13. g4 Nxg4 14. hxg4 Bxg4 15. Kg2 f5 16. Rg1 fxe4 17.
Nxe4 Qe6 18. Ned2 Rxf3 19. Kf1 Rg3 20. Rxg3 Bxe2+ 21. Kxe2 c4 22. Nxc4 e4 23.
Rag1 {Fekete,A (2250)-Kachiani Gersinska,K (2365) Budapest 1990 0-1 (41)}) (
8... Nd7 $5 $15) 9. h3 $11 Bxf3 10. Qxf3 Qd7 (10... Nd7 11. Qg4 $14) 11. Ne2
Rfd8 (11... Qe6 12. a4 $14) 12. g4 (12. b3 Re8 $16) 12... Ne8 (12... Qd6 13.
Be3 $14) 13. Ng3 (13. Kg2 $5 $16) 13... g6 $11 14. Be3 Ng7 15. Rad1 Qe6 (15...
Ne6 16. Ne2 $11) 16. b3 (16. a3 $14) 16... Kh8 (16... Qd6 $5 $11) 17. Kh2 Rf8 (
17... Kg8 18. Qg2 $14) 18. Qe2 (18. d4 f6 $14) 18... Bd6 $14 19. Bh6 Rad8 20.
Rg1 (20. Kg2 Qe7 21. Qe3 Bc5 $14) 20... Rg8 21. Rg2 Qf6 22. Bxg7+ Qxg7 23. g5
Qf8 24. h4 Qe7 (24... f6 25. Rh1 $11) 25. Qf3 (25. Rh1 $142 $5 $14) 25... Rdf8
$15 26. Rh1 f6 27. Qe3 (27. h5 fxg5 28. Qe2 $15) 27... Qd8 (27... Bc5 28. gxf6
Rxf6 $17) 28. Kg1 $11 fxg5 29. Qxg5 (29. h5 Kg7 $11) 29... Qxg5 $11 30. hxg5
Rf7 (30... Rf4 31. Ne2 Rf7 32. Nc3 $11) 31. Nf1 $14 Be7 32. Ne3 Re8 33. Rhh2 (
33. Kf1 b6 $16) 33... Kg7 (33... Bc5 34. Ng4 $14) 34. Kf1 Rf4 (34... Ba3 35.
Ke2 $16) 35. Ke2 $16 Rh8 36. Ng4 (36. Rh1 Rff8 $16) 36... Bxg5 $14 37. Nxe5 Rh4
(37... Bf6 $5 38. Nc4 Bd4 $14) 38. Rxh4 $16 Bxh4 39. f4 Bf6 (39... c5 40. Nf3
Be7 41. c3 $16) 40. Ng4 (40. Nf3 $5 $18) 40... Be7 41. d4 Kf7 $2 (41... Rf8
$142 42. Rf2 g5 $14) 42. e5 $4 (42. Ne5+ Ke6 $18) 42... Ke6 $4 (42... Rd8 43.
c3 c5 44. dxc5 Bxc5 45. b4 $11) 43. Ke3 $4 (43. Ne3 $142 $5 $18) 43... g5 (
43... c5 44. dxc5 Bxc5+ 45. Kf3 $11) 44. Ke4 (44. Nh6 gxf4+ 45. Ke4 $16) 44...
gxf4 $2 (44... Rf8 45. fxg5 Bxg5 46. Rf2 Rxf2 47. Nxf2 $11) 45. Nf2 (45. Nh6 f3
46. Rf2 Rf8 $16) 45... Rf8 (45... Bh4 $142 $5 $11) 46. Nd3 (46. Rh2 Rh8 47. Nd3
f3 $16) 46... f3 47. Nf4+ $4 (47. Rf2 $142 $16) 47... Rxf4+ $1 (47... Rxf4+ 48.
Kxf4 fxg2 49. d5+ cxd5 50. Ke3 g1=Q+ 51. Kd2 Bg5+ 52. Ke2 Qg2+ 53. Ke1 Be3 54.
a3 Qd2+ 55. Kf1 Qf2#) 0-1